01051nam a2200253Ia 4500001001200000003000800012006001900020007001500039008004100054040002100095035002100116050002300137245012500160260005700285300001400342533015200356650003300508650003400541655002900575710003300604710001700637856012600654999001700780ebr10071914CaPaEBRm u cr cn|||||||||070226s1977 dcu s 000 0 eng d aCaPaEBRcCaPaEBR a(OCoLC)72682329214aRA976b.R45 1977eb00aReliability of medicare hospital discharge recordsh[electronic resource] :breport of a study /cInstitute of Medicine. aWashington, D.C. :bNational Academies Press,c1977. ax, 134 p. aElectronic reproduction.bPalo Alto, Calif. :cebrary,d2009.nAvailable via World Wide Web.nAccess may be limited to ebrary affiliated libraries. 0aMedical recordsxManagement. 0aHospital recordsxManagement. 7aElectronic books.2local2 aInstitute of Medicine (U.S.)2 aebrary, Inc.40uhttp://site.ebrary.com/lib/rucke/Doc?id=10071914zAn electronic book accessible through the World Wide Web; click to view c44174d44174